000 00406nam a2200169Ia 4500
005 20250923144627.0
008 008 250917s9999 xx 000 0 eng d
037 _aPeriodicals
040 _aDSWL
_beng
_cDSWL
041 _aeng
_2eng
084 _qDSWL
245 0 _aEconomic Weekly
260 _aBombay
_bJournal Same Font.
_c1958
300 _a1614p.
942 _cCR
999 _c1441346
_d1441346